1993 1755 1733 1125 1408 1075 1816 1412 1095 1944 1157 1653 1610 1005 1786 1762 1435 1754 1232 1491 1974 1836 1012 1807 1991 1383 1746 1645 1835 1947 1844 1398 1224 1445 1030 1095 1504 1793 1180 1624 1348 1319 1043 1449 1615 1498 1104 1737 1048 1785 1118 1082 1812 1138 1474 1163 1769 1918 1446 1691 1763 1519 1085 1194 1438 1212 1860 1178 1169 1664 1078 1467 1308 1660 1751 1816 1539 1379 1591 1757 1553 1585 1263 1083 1078 1077 1573 1003 1929 1636 1013 1192 1787 1175 1145 1405 1901 1110 1753 BCNSPRNW ULIB Ver.6.0+V

เปลี่ยนเป็นภาษาไทย

Change to English
 แสดงรายละเอียดบรรณานุกรม
  กลับหน้าหลัก

Brief Record : Get Marc (ISO 2709) : E-mail record : QR code < ปิดหน้าต่าง
LEADER : 00000nam 2200000uu 4500
001    13399120223
003     ULIB
008    120917s2010||||th 000 0 tha d
020    ^a9781605472539
060 04 ^aQZ4^bB981P 2010
100 0  ^aBuss, Jaime Stockslaget
245 10 ^aPathophysiology an incrediably easy pochet guide/^cBuss, Jaime Stockslaget
250    ^a2nd
260    ^aPhiladelphia :^bLippincott Williams&Wilkins,^c2010
300    ^a408 p
650  7 ^aCardiovasular disorders
650  7 ^aPathology^xnurses instruction
945    ^p0^l0^i17768
945    ^p0^l0^i17769
995    ^aกัณชพร
999 ^a ใช้งานได้ทุกระบบ
รายการนี้ยังไม่มีแท็ก
คุณยังไม่ได้ล็อกอิน คุณสามารถมีกิจกรรมร่วมกับเว็บไซต์ได้ แต่ต้องล็อกอินก่อน ::
  ล็อกอิน

รายการสื่อสารสนเทศ

ลำดับที่ ประเภท เลขเรียก/บาร์โค้ด สถานที่ สถานะ
1. วิทยาศาสตร์การแพทย์ และสุขภาพ
วิทยาศาสตร์การแพทย์ และสุขภาพ
QZ4 B981P 2010  
  Barcode: 17768
ห้องสมุดวิทยาเขตสวรรค์ประชารักษ์
►หนังสือทั่วไป
บนชั้น
2. วิทยาศาสตร์การแพทย์ และสุขภาพ
วิทยาศาสตร์การแพทย์ และสุขภาพ
QZ4 B981P 2010 ฉ.2 
  Barcode: 17769
ห้องสมุดวิทยาเขตสวรรค์ประชารักษ์
►หนังสือทั่วไป
บนชั้น

รายการใกล้เคียง
    ผู้แต่ง [Buss, Jaime Stockslaget]

    หัวเรื่อง [Cardiovasular disorders]

BibComment


ยังไม่เคยถูกคอมเมนท์

คอมเมนท์ทรัพยากรรายการนี้
  คอมเมนท์: Pathophysiology ..


 Copyright 2026. Bcnsprnw @Library